| 000 | 00851nam a2200313 a 4500 | ||
|---|---|---|---|
| 001 | vtls000064764 | ||
| 003 | NLI | ||
| 005 | 20210601192151.0 | ||
| 008 | 101125s1963 nyua 001 0 eng | ||
| 020 | _cUSD 33.50 | ||
| 039 | 9 |
_y201011250639 _zVLOAD |
|
| 040 |
_aNLI _beng _cVTLS _eAACR2 |
||
| 041 | 0 | _aeng | |
| 044 | _anyu | ||
| 082 | 0 | 4 | _a545.33 |
| 245 | 0 | 0 |
_aMass spectrometry / _cedited by Charles A. McDowell |
| 260 |
_aNew York : _bMcGraw-Hill, _c1963 |
||
| 300 |
_ax, 639 p. : _bill. ; _c23 cm. |
||
| 500 | _aIncludes index | ||
| 650 | 0 |
_aMass spectrometry _951025 |
|
| 700 | 0 |
_aMedowell charles A., _4edt _9159390 |
|
| 887 | _a Promila | ||
| 901 |
_a360861 _b22.40.1996 |
||
| 902 | _aE545.33 M148 | ||
| 905 | _aPromila | ||
| 906 | _a0017663 | ||
| 949 |
_AVIRTUAITEM _D10000 _X100 _6PUR000360861ENG |
||
| 942 |
_2ddc _cBKS |
||
| 999 |
_aVIRTUA00 _c68614 _d68614 |
||